000
003310000a22001450004500
003
MACL
040
_a
MACL
090
_c
33872
_d
33870
100
_a
Lewis, Harry R.
245
_a
Elements of the Theory of Computation
260
_b
Pearson Education
_c
2001
350
_a
225
650
_a
Computer science
942
_c
BOOK
_k
004/Lew
999
_c
33517
_d
33517